000 00681nas a2200265 4500
001 BR9201185
003 BR-BrBNA
005 20231205092350.0
007 ta
008 230509b bl.|||p| |||| 00| 00por d
040 _aBR-BrBNA
_bpor
_cBiblioteca Nacional de Agricultura
041 _a(Pt)
072 _aF01
100 1 _aAnon.
245 1 _aA energia do abacate
650 _aABACATE
650 _aPLANTIO
650 _aVARIEDADE
650 _aPESQUISA
650 _aPROCESSAMENTO
650 _aPRATICO
773 0 _tCerrado (Brazil)
_xISSN 0100-0578
_g(Jan 1985), v. 14(39) p. 40-41
_wBR9201185
909 _a202311
_bLúcia
_c55
_dLúcia Elande
942 _2AGRIS
_n0
_cANA
999 _c131210
_d131210